[Event "Sant Boi de Llobregat op 4th"]
[Site "Sant Boi de Llobregat"]
[Date "2023.11.30"]
[Round "1"]
[White "Sorensen, Hampus"]
[Black "Romero Pallares, Daniel"]
[Result "1-0"]
[WhiteElo "2474"]
[BlackElo "2271"]
[PlyCount "159"]
[EventDate "2023.11.30"]
[EventType "swiss"]
[EventRounds "9"]
[EventCountry "ESP"]
[SourceTitle "CBM 217 Extra"]
[Source "ChessBase"]
[SourceDate "2024.01.31"]
[SourceVersion "1"]
[SourceVersionDate "2024.01.31"]
[SourceQuality "1"]

1. Nf3 Nf6 2. g3 d5 3. Bg2 e6 4. 0-0 Bd6 5. d4 h6 6. c4 0-0 7. Nc3 Nc6 8. cxd5 exd5 9. Nb5 Bf5 10. Nxd6 cxd6 11. Bf4 Qd7 12. Qa4 Rab8 13. Rfc1 b5 14. Qd1 a5 15. Bd2 Rfe8 16. Be1 Rbc8 17. e3 Be4 18. Bf1 Qb7 19. Qe2 Rb8 20. Nd2 Bf5 21. Nb3 b4 22. Qa6 Qxa6 23. Bxa6 Bd7 24. Nd2 Rb6 25. Bd3 a4 26. Rc2 g6 27. a3 Kg7 28. Rac1 h5 29. Kg2 Ng4 30. Nf1 bxa3 31. bxa3 Rb3 32. Ba6 Nb8 33. Be2 Rxa3 34. Bb4 Rb3 35. Bxd6 Bf5 36. Ra2 Nd7 37. h3 Ngf6 38. Nd2 Rb6 39. Ba3 Reb8 40. Bf3 R8b7 41. Bd1 Ra6 42. f3 Nb8 43. g4 Be6 44. Rac2 Rb3 45. Rc3 Rxc3 46. Rxc3 Nc6 47. Kf2 Na7 48. Be2 Rb6 49. Rc5 Nc6 50. Rb5 Nd7 51. gxh5 gxh5 52. h4 Kf6 53. Nb1 Na7 54. Rxb6 Nxb6 55. Bc5 Nac8 56. Nc3 Bd7 57. Bd1 Bc6 58. Bc2 Bd7 59. Kg3 Bc6 60. Kf4 Bd7 61. Bd1 Bc6 62. e4 Kg6 63. exd5 Bxd5 64. Nxa4 Nd7 65. Bc2+ Kf6 66. Nc3 Bc4 67. Ne4+ Kg7 68. Ng3 Nf6 69. Kg5 Nh7+ 70. Kxh5 Bd5 71. Kg4 Be6+ 72. Kf4 Nf6 73. Nf5+ Kg8 74. Ne3 Kg7 75. Bf5 Nd7 76. Kg5 Ncb6 77. Bxe6 fxe6 78. Bxb6 Nxb6 79. h5 Nd7 80. Ng4 1-0

[Event "Gijon RGCC op 7th"]
[Site "Gijon"]
[Date "2023.08.05"]
[Round "1"]
[White "Romero Pallares, Daniel"]
[Black "Lubino, Adrien"]
[Result "1-0"]
[WhiteElo "2272"]
[BlackElo "1737"]
[PlyCount "73"]
[EventDate "2023.08.05"]
[EventType "swiss"]
[EventRounds "9"]
[EventCountry "ESP"]
[SourceTitle "EXT 2024"]
[Source "ChessBase"]
[SourceDate "2023.10.10"]
[SourceVersion "1"]
[SourceVersionDate "2023.10.10"]
[SourceQuality "1"]

1. d4 d5 2. Nf3 Nf6 3. Bf4 e6 4. e3 Bd6 5. Nbd2 0-0 6. c3 b6 7. h4 Bxf4 8. exf4 Bb7 9. h5 Nbd7 10. h6 g6 11. Bd3 c5 12. Qe2 a5 13. g3 Qc8 14. Kf1 Ba6 15. Kg2 Bxd3 16. Qxd3 Qc6 17. Rac1 Rfc8 18. Qe2 b5 19. Ne5 Qb6 20. Ndf3 Nxe5 21. Qxe5 Ne8 22. Rhe1 Qd6 23. Qe2 Rab8 24. Ne5 Rc7 25. Nd3 cxd4 26. cxd4 Rc4 27. Qe3 Nf6 28. Ne5 Rc7 29. Rxc7 Qxc7 30. Rc1 Qb7 31. Qc3 Ne8 32. Qxa5 Ra8 33. Qb4 Rxa2 34. Nc6 f6 35. Qc5 Rxb2 36. Ra1 Nc7 37. Qe7 1-0

[Event "Titled Tuesday intern op 01st Aug Early"]
[Site "Chess.com INT"]
[Date "2023.08.01"]
[Round "11"]
[White "Preobrazhenskaya, Diana"]
[Black "Romero Pallares, Daniel"]
[Result "0-1"]
[WhiteElo "2056"]
[BlackElo "2272"]
[PlyCount "86"]
[EventDate "2023.08.01"]
[EventType "swiss (blitz)"]
[EventRounds "11"]
[EventCountry "USA"]
[SourceTitle "EXT 2024"]
[Source "ChessBase"]
[SourceDate "2023.10.10"]
[SourceVersion "1"]
[SourceVersionDate "2023.10.10"]
[SourceQuality "1"]

1. e4 g6 2. d4 Bg7 3. Nf3 d6 4. Be2 Nf6 5. Nc3 0-0 6. 0-0 Bg4 7. h3 Bxf3 8. Bxf3 Nc6 9. Be3 Re8 10. Be2 e5 11. d5 Nd4 12. Bd3 c5 13. f4 exf4 14. Bxf4 Nh5 15. Be3 Be5 16. Nb5 Nxb5 17. Bxb5 Rf8 18. Qg4 a6 19. Bd3 Qe7 20. Bg5 f6 21. Bh6 Rfe8 22. c3 b5 23. Bd2 Rab8 24. Rf3 a5 25. Raf1 b4 26. cxb4 axb4 27. b3 Ra8 28. Bb1 Rf8 29. Qh4 Bd4+ 30. Kh1 Rf7 31. g4 Ng7 32. g5 Raf8 33. Qg4 Nh5 34. gxf6 Nxf6 35. Qg2 Nh5 36. Bg5 Qe5 37. Bh4 Rf4 38. Rxf4 Rxf4 39. Be1 Bc3 40. Bxc3 Qxc3 41. Rd1 Qe3 42. Qg1 Ng3+ 43. Kh2 Rf2+ 0-1

[Event "Titled Tuesday intern op 01st Aug Late"]
[Site "Chess.com INT"]
[Date "2023.08.01"]
[Round "9"]
[White "Romero Pallares, Daniel"]
[Black "Adewumi, Tanitoluwa"]
[Result "0-1"]
[WhiteElo "2272"]
[BlackElo "2277"]
[PlyCount "56"]
[EventDate "2023.08.01"]
[EventType "swiss (blitz)"]
[EventRounds "11"]
[EventCountry "USA"]
[SourceTitle "EXT 2024"]
[Source "ChessBase"]
[SourceDate "2023.10.10"]
[SourceVersion "1"]
[SourceVersionDate "2023.10.10"]
[SourceQuality "1"]

1. g3 Nf6 2. Bg2 e6 3. d3 d5 4. Nd2 Bd6 5. e4 0-0 6. Ngf3 Nbd7 7. 0-0 c6 8. Re1 e5 9. c3 Re8 10. Qe2 g6 11. h3 b6 12. a4 Ba6 13. c4 Bb4 14. Qd1 Nc5 15. Qc2 dxc4 16. dxc4 Qd3 17. Qxd3 Nxd3 18. Rd1 Rad8 19. Bf1 Bc5 20. Bxd3 Rxd3 21. Kf1 Bxc4 22. Nxc4 Rxd1+ 23. Ke2 Rh1 24. Nfxe5 Nxe4 25. Kf3 Nd2+ 26. Nxd2 Rxe5 27. b3 Ree1 28. b4 Bd4 0-1

[Event "Titled Tuesday intern op 01st Aug Late"]
[Site "Chess.com INT"]
[Date "2023.08.01"]
[Round "8"]
[White "Romero Pallares, Daniel"]
[Black "Volkov, Maksim"]
[Result "0-1"]
[WhiteElo "2272"]
[BlackElo "2260"]
[PlyCount "68"]
[EventDate "2023.08.01"]
[EventType "swiss (blitz)"]
[EventRounds "11"]
[EventCountry "USA"]
[SourceTitle "EXT 2024"]
[Source "ChessBase"]
[SourceDate "2023.10.10"]
[SourceVersion "1"]
[SourceVersionDate "2023.10.10"]
[SourceQuality "1"]

1. d4 d5 2. Nc3 Nf6 3. Bf4 a6 4. e3 e6 5. Nf3 c5 6. dxc5 Bxc5 7. Bd3 Nc6 8. 0-0 h6 9. e4 0-0 10. Re1 Ba7 11. e5 Nd7 12. a3 b5 13. h3 Rb8 14. g4 b4 15. axb4 Nxb4 16. Kg2 Nxd3 17. Qxd3 Rxb2 18. h4 Nc5 19. Qe2 Bb7 20. Kg3 Ne4+ 21. Nxe4 dxe4 22. Nh2 Qc7 23. Rac1 Bd4 24. g5 Bxe5 25. Bxe5 Qxe5+ 26. Kh3 hxg5 27. hxg5 Qxg5 28. Rg1 Qh6+ 29. Kg3 f5 30. Kg2 f4 31. Kh1 Rb5 32. Rg4 Rh5 33. f3 exf3 34. Qf2 Rxh2+ 0-1